000 00531nam a22001697a 4500
999 _c3533
_d3533
003 GBCCL
005 20241126110457.0
008 171129b xxu||||| |||| 00| 0 eng d
040 _cgbc
082 _a262
_bVAN
100 _aVander, Herbert Lugt
_97076
245 _aWhat's a Body to Do?:
_bA Look at the Actions and Attitudes of a Healthy Church /
_cHerbert Vander Lugt and David C. Egner
260 _aUnited States of America:
_bRadio Bible Class,
_c1982
300 _a96p.;
_c18 cm.
650 _aChurch
_9263
942 _2ddc
_cBK
_01